| 000 | 00444nam a22001697a 4500 | ||
|---|---|---|---|
| 005 | 20251108165905.0 | ||
| 008 | 250721s1984 xx 000 0 ara d | ||
| 082 | 1 | 4 | _aط/595.76/روب |
| 100 | 1 | _aروبن، ماري | |
| 245 | 1 | 0 | _aالعنكبوت / |
| 264 | 1 |
_aجنيف : _bميدليفانت، _c1984. |
|
| 300 | _a23ص | ||
| 490 | 0 | _aزدني قربا | |
| 650 | 1 | 7 | _aالعنكبوتيات(صف) |
| 942 |
_2ddc _cBK |
||
| 999 |
_c34026 _d34026 |
||